Statistics for Wentworth Characters

Click here to take the quiz!

General Stats

  • This quiz has been taken 636 times
  • The average score is 12 of 15

Answer Stats

HintAnswer% Correct
Rival of above character; Studying lawFranky Doyle
97%
Attempts murder on her husband; Becomes top dogBea Smith
96%
Is top dog in first season; oldest characterJacs Holt
86%
Alcoholic; Mother figure of the gangLiz Birdsworth
86%
Awkward female prison officer; Has a thing with "Fletch"Vera Benett
85%
Second prison warden; "The Freak"Joan Ferguson
84%
Special connection with above; Male prison guardWill Jackson
84%
"Doyles" bestfriend; Not so smartSue "Boomer" Jenkins
82%
Male prison guard; Has sex with inmate; Loses his mindMatthew Fletcher
79%
Female counsellor; Falls in love with inmateBridget Westfall
77%
Female prison guard that does illegal favours for inmatesLinda Miles
76%
Involved with above character romantically; Of asian decentKim Chang
75%
First prison warden; Married to one of the guardsMeg Jackson
74%
First introduced with a daughter living in prison with herDoreen Anderson
70%
Unliked, married female lawyer; Grows affection for "Doyle"Erica Davidson
56%

Score Distribution

Percentile by Number Answered

Percent of People with Each Score

Your Score History

You have not taken this quiz